[Event "Dubai op-A 25th"]
[Site "Dubai"]
[Date "2025.05.27"]
[Round "1"]
[White "Sultan, Ibrahim"]
[Black "Nitish, Belurkar"]
[Result "0-1"]
[WhiteElo "2222"]
[BlackElo "2454"]
[PlyCount "62"]
[EventDate "2025.05.27"]
[EventType "swiss"]
[EventRounds "9"]
[EventCountry "UAE"]
[SourceTitle "CB23_2025"]
[SourceDate "2025.06.04"]
[SourceVersion "1"]
[SourceVersionDate "2025.06.04"]
[SourceQuality "1"]

1. d4 Nf6 2. c4 e6 3. Nf3 a6 4. g3 b5 5. Bg2 bxc4 6. Ne5 d5 7. Nxc4 c5 8. Ne5 Nbd7 9. 0-0 cxd4 10. Nxd7 Bxd7 11. Qxd4 Rc8 12. Nc3 Bc5 13. Qd3 Qb6 14. b3 Ng4 15. e3 d4 16. Rd1 e5 17. Nd5 Qe6 18. a4 Bc6 19. Qc4 Bb7 20. Ba3 Bxa3 21. Nc7+ Rxc7 22. Qxc7 Bxg2 23. Qb8+ Ke7 24. Qxh8 Qf5 25. Rd2 Bd5 26. Qb8 Qf3 27. e4 Bxe4 28. Qc7+ Kf6 29. Qb6+ Kf5 30. Kf1 Qg2+ 31. Ke1 Qg1+ 0-1

[Event "Asia-ch Blitz"]
[Site "Al Ain"]
[Date "2025.05.10"]
[Round "4"]
[White "Pang, Tao"]
[Black "Sultan, Ibrahim"]
[Result "1-0"]
[WhiteElo "2485"]
[BlackElo "2222"]
[PlyCount "169"]
[EventDate "2025.05.10"]
[EventType "swiss (blitz)"]
[EventRounds "9"]
[EventCountry "UAE"]
[SourceTitle "CB20_2025"]
[SourceDate "2025.05.14"]
[SourceVersion "1"]
[SourceVersionDate "2025.05.14"]
[SourceQuality "1"]

1. e4 e6 2. d4 d5 3. Nc3 Bb4 4. e5 c5 5. a3 cxd4 6. axb4 dxc3 7. bxc3 Qc7 8. Nf3 Qxc3+ 9. Bd2 Qc7 10. Bd3 Nd7 11. Qe2 Ne7 12. 0-0 Nb6 13. Be3 Nc4 14. Bc5 b6 15. Bxe7 Kxe7 16. Nd4 Bd7 17. f4 Nb2 18. Qd2 g6 19. Qf2 Qc3 20. Ne2 Qc7 21. Qh4+ Kf8 22. Qh6+ Ke8 23. Qg7 Rf8 24. Qxh7 Nxd3 25. cxd3 Bb5 26. Rfc1 Qe7 27. Qh3 Kd7 28. Nd4 Qxb4 29. Qe3 a6 30. Nc2 Qc5 31. Nd4 Qb4 32. Rab1 Qa4 33. Nxb5 axb5 34. Qxb6 Qa7 35. Rxb5 Qxb6+ 36. Rxb6 Ra7 37. Kf2 Ke7 38. Rcb1 Rc8 39. Rb7+ Rxb7 40. Rxb7+ Kf8 41. Rb2 Rc3 42. Ke3 Ra3 43. g3 Kg7 44. Kd4 Ra4+ 45. Kc5 Ra3 46. Kd4 Ra4+ 47. Ke3 Ra3 48. h4 Ra1 49. Rb3 Rg1 50. Kf2 Rd1 51. Ra3 Rd2+ 52. Kf3 Rd1 53. Kg4 Rd2 54. Kg5 Rg2 55. g4 Rg3 56. Rb3 Rf3 57. Rc3 Rg3 58. h5 gxh5 59. Kxh5 Rh3+ 60. Kg5 Rf3 61. f5 exf5 62. gxf5 Re3 63. Kf4 Rh3 64. Rc7 Kg8 65. d4 Rh5 66. Kg4 Rh2 67. Rd7 Rg2+ 68. Kf4 Rf2+ 69. Kg5 Kg7 70. f6+ Kg8 71. Rxd5 Kh7 72. Rd7 Kg8 73. Kg4 Re2 74. Kf3 Re1 75. Kf4 Re2 76. d5 Rf2+ 77. Ke4 Re2+ 78. Kd4 Rd2+ 79. Kc5 Re2 80. Kd6 Rf2 81. Rd8+ Kh7 82. Rf8 Kg6 83. Rg8+ Kf5 84. e6 Kxf6 85. e7 1-0

[Event "Olympiad-45"]
[Site "Budapest"]
[Date "2024.09.13"]
[Round "3.53"]
[White "Blijstra, Wim"]
[Black "Sultan, Ibrahim"]
[Result "0-1"]
[WhiteElo "2063"]
[BlackElo "2206"]
[PlyCount "30"]
[EventDate "2024.09.11"]
[EventType "team-swiss"]
[EventRounds "11"]
[EventCountry "HUN"]
[SourceTitle "EXT 2025"]
[Source "ChessBase"]
[SourceDate "2024.10.14"]
[SourceVersion "1"]
[SourceVersionDate "2024.10.14"]
[SourceQuality "1"]
[WhiteTeam "Netherlands Antilles"]
[BlackTeam "United Arab Emirates"]
[WhiteTeamCountry "AHO"]
[BlackTeamCountry "UAE"]

1. d4 d5 2. Nc3 Nf6 3. Bf4 c5 4. e3 a6 5. dxc5 Nc6 6. Nf3 e6 7. Na4 Nd7 8. Nd4 Nxc5 9. c3 f6 10. Nxc5 Bxc5 11. Nb3 Be7 12. Bd3 f5 13. c4 e5 14. Bg3 Be6 15. 0-0 dxc4 0-1

[Event "Teplice op 17th"]
[Site "Teplice"]
[Date "2024.06.19"]
[Round "5"]
[White "Michalik, Peter"]
[Black "Sultan, Ibrahim"]
[Result "0-1"]
[WhiteElo "2576"]
[BlackElo "2121"]
[PlyCount "72"]
[EventDate "2024.06.15"]
[EventType "swiss"]
[EventRounds "9"]
[EventCountry "CZE"]
[SourceTitle "CBM 220 Extra"]
[Source "ChessBase"]
[SourceDate "2024.07.31"]
[SourceVersion "1"]
[SourceVersionDate "2024.07.31"]
[SourceQuality "1"]

1. e4 e5 2. Nf3 Nc6 3. Bb5 a6 4. Ba4 Nf6 5. 0-0 Nxe4 6. d4 b5 7. Bb3 d5 8. dxe5 Be6 9. c3 Be7 10. Bc2 Bg4 11. Re1 0-0 12. Nbd2 f5 13. exf6 Nxf6 14. h3 Bh5 15. Nf1 Bc5 16. Be3 d4 17. cxd4 Bxf3 18. Qxf3 Nxd4 19. Bxd4 Qxd4 20. Re2 Nd5 21. Bf5 Nf4 22. Rc2 Rae8 23. Ng3 g6 24. Qb3+ Kh8 25. Bg4 Nxh3+ 26. Bxh3 Rxf2 27. Kh2 Re3 28. Rc3 Rxb2 29. Qxb2 Rxc3 30. Rd1 Qe5 31. Rd3 b4 32. Bc8 Bd6 33. Bxa6 Kg7 34. Qf2 Qh5+ 35. Kg1 Rc1+ 36. Nf1 Qh2# 0-1

[Event "Dubai op-A 24th"]
[Site "Dubai"]
[Date "2024.05.29"]
[Round "5"]
[White "Sultan, Ibrahim"]
[Black "Gholami Orimi, Mahdi"]
[Result "0-1"]
[WhiteElo "2171"]
[BlackElo "2470"]
[PlyCount "80"]
[EventDate "2024.05.25"]
[EventType "swiss"]
[EventRounds "9"]
[EventCountry "UAE"]
[SourceTitle "CBM 220 Extra"]
[Source "ChessBase"]
[SourceDate "2024.07.31"]
[SourceVersion "1"]
[SourceVersionDate "2024.07.31"]
[SourceQuality "1"]

1. d4 g6 2. e4 Bg7 3. c3 d6 4. Bd3 e5 5. Nf3 Nd7 6. 0-0 Ngf6 7. Qe2 0-0 8. dxe5 dxe5 9. a4 Nh5 10. Bc4 h6 11. a5 Qf6 12. Na3 a6 13. Be3 Re8 14. b4 Nf4 15. Qd2 g5 16. Kh1 b5 17. axb6 Nxb6 18. Bxb6 cxb6 19. Rfd1 Bb7 20. Qe3 Rad8 21. Bb3 g4 22. Ne1 b5 23. Nd3 h5 24. Nc5 Bc6 25. Nc2 h4 26. f3 Bh6 27. fxg4 Nxg2 28. Qh3 Nf4 29. Qf3 Rxd1+ 30. Rxd1 Rd8 31. Ne3 Rxd1+ 32. Bxd1 Qd8 33. Nf5 Bg5 34. Kg1 Qd2 35. Kf1 Qxh2 36. Nd3 Nxd3 37. Qxd3 Qh1+ 38. Kf2 Bxe4 39. Qd7 Qg2+ 40. Ke1 Qg1+ 0-1

[Event "Dubai op-A 24th"]
[Site "Dubai"]
[Date "2024.05.28"]
[Round "4"]
[White "Muradli, Mahammad"]
[Black "Sultan, Ibrahim"]
[Result "1-0"]
[WhiteElo "2560"]
[BlackElo "2171"]
[PlyCount "91"]
[EventDate "2024.05.25"]
[EventType "swiss"]
[EventRounds "9"]
[EventCountry "UAE"]
[SourceTitle "CBM 220 Extra"]
[Source "ChessBase"]
[SourceDate "2024.07.31"]
[SourceVersion "1"]
[SourceVersionDate "2024.07.31"]
[SourceQuality "1"]

1. Nf3 d5 2. e3 Nf6 3. c4 c6 4. d4 g6 5. Nc3 Bg7 6. Be2 0-0 7. 0-0 Bg4 8. cxd5 Nxd5 9. h3 Bf5 10. Qb3 Nxc3 11. bxc3 Qc7 12. Ba3 Re8 13. Ng5 Be6 14. Nxe6 fxe6 15. Qxe6+ Kh8 16. f4 Nd7 17. f5 Nf8 18. Qf7 Qa5 19. Bc4 e6 20. Bb4 Qd8 21. fxe6 Qg5 22. Rf3 a5 23. Bd6 b5 24. h4 Qh6 25. e7 bxc4 26. exf8Q+ Bxf8 27. Bf4 Qg7 28. Be5 Rxe5 29. dxe5 Qxe5 30. Qxc4 c5 31. Rd1 Rb8 32. Qf4 Bg7 33. Rd7 h6 34. Qxe5 Bxe5 35. c4 Kg8 36. Rd5 Rb1+ 37. Rf1 Bh2+ 38. Kf2 Bg3+ 39. Ke2 Rb2+ 40. Rd2 Rb4 41. Rd8+ Kg7 42. Rd7+ Kg8 43. Rf6 Bxh4 44. Rxg6+ Kf8 45. Rxh6 Ke8 46. Ra7 1-0

[Event "Dubai Police op-A"]
[Site "Dubai"]
[Date "2024.05.08"]
[Round "5"]
[White "Sultan, Ibrahim"]
[Black "Priyanka, Nutakki"]
[Result "0-1"]
[WhiteElo "2173"]
[BlackElo "2357"]
[PlyCount "76"]
[EventDate "2024.05.04"]
[EventType "swiss"]
[EventRounds "9"]
[EventCountry "UAE"]
[SourceTitle "CBM 220 Extra"]
[Source "ChessBase"]
[SourceDate "2024.07.31"]
[SourceVersion "1"]
[SourceVersionDate "2024.07.31"]
[SourceQuality "1"]

1. d4 d5 2. c4 e6 3. Nc3 Nf6 4. Nf3 a6 5. cxd5 exd5 6. Bg5 Be6 7. e3 Nbd7 8. Be2 Bd6 9. a3 c6 10. 0-0 Qc7 11. Rc1 0-0 12. Bxf6 Nxf6 13. b4 Ne4 14. Na4 Rae8 15. Nc5 Bc8 16. Qc2 Qe7 17. Nd3 Qf6 18. Nfe5 Qh6 19. g3 Bf5 20. Bg4 Bxg4 21. Nxg4 Qh5 22. Qd1 Qf5 23. f3 Ng5 24. Nf4 h5 25. Nxh5 Nh3+ 26. Kg2 Qxh5 27. f4 Qh7 28. Ne5 f6 29. Ng4 Kf7 30. Qf3 Rh8 31. Rh1 Qd3 32. Qd1 Qf5 33. Rc3 Re4 34. Rf1 Qh5 35. Qf3 Ng5 36. Ne5+ fxe5 37. Qxh5+ Rxh5 38. dxe5 Bxe5 0-1

[Event "Dubai Police op-A"]
[Site "Dubai"]
[Date "2024.05.07"]
[Round "4"]
[White "Dau, Khuong Duy"]
[Black "Sultan, Ibrahim"]
[Result "1-0"]
[WhiteElo "2397"]
[BlackElo "2173"]
[PlyCount "113"]
[EventDate "2024.05.04"]
[EventType "swiss"]
[EventRounds "9"]
[EventCountry "UAE"]
[SourceTitle "CBM 220 Extra"]
[Source "ChessBase"]
[SourceDate "2024.07.31"]
[SourceVersion "1"]
[SourceVersionDate "2024.07.31"]
[SourceQuality "1"]

1. e4 e5 2. Nf3 Nc6 3. Bb5 a6 4. Ba4 Nf6 5. 0-0 Nxe4 6. d4 b5 7. Bb3 d5 8. dxe5 Be6 9. Qe2 Nc5 10. Rd1 Nxb3 11. cxb3 Be7 12. Nc3 0-0 13. Be3 f6 14. exf6 Bxf6 15. h3 Qd7 16. Rac1 Rad8 17. Bc5 Rfe8 18. Qf1 Bf7 19. Rd2 Na5 20. Be3 h6 21. Rcd1 Qf5 22. Ne2 Nb7 23. Rc1 Rxe3 24. fxe3 c5 25. b4 c4 26. Nc3 Re8 27. Re1 Nd6 28. Nd4 Qxf1+ 29. Kxf1 Bg5 30. Kf2 Bg6 31. Nf3 Bd3 32. Nxg5 hxg5 33. Red1 Ne4+ 34. Nxe4 dxe4 35. a4 a5 36. bxa5 b4 37. Ra1 Ra8 38. a6 Rxa6 39. a5 Kf7 40. Ke1 c3 41. bxc3 bxc3 42. Rda2 Ke7 43. Rc1 Rf6 44. Rf2 Ra6 45. Rf5 c2 46. Kd2 g4 47. hxg4 Rc6 48. Ra1 g6 49. Rd5 Ke6 50. Rd4 Rc5 51. a6 Rc7 52. Rda4 Ra7 53. Rc1 Kf6 54. Rxc2 Kg5 55. Rc6 Kh4 56. Rxg6 Kg3 57. Rd6 1-0

[Event "Dubai Police op-A"]
[Site "Dubai"]
[Date "2024.05.04"]
[Round "1"]
[White "Sultan, Ibrahim"]
[Black "Uskov, Artem"]
[Result "0-1"]
[WhiteElo "2173"]
[BlackElo "2432"]
[PlyCount "104"]
[EventDate "2024.05.04"]
[EventType "swiss"]
[EventRounds "9"]
[EventCountry "UAE"]
[SourceTitle "CBM 220 Extra"]
[Source "ChessBase"]
[SourceDate "2024.07.31"]
[SourceVersion "1"]
[SourceVersionDate "2024.07.31"]
[SourceQuality "1"]

1. d4 Nf6 2. c4 e6 3. Nf3 d5 4. Nc3 c6 5. Bg5 h6 6. Bxf6 Qxf6 7. e3 g6 8. Bd3 Bg7 9. 0-0 Nd7 10. e4 dxc4 11. e5 Qe7 12. Bxc4 0-0 13. Re1 Rd8 14. Bf1 b5 15. Qb3 Rb8 16. Rad1 Bb7 17. Ne4 c5 18. Qa3 b4 19. Qxa7 cxd4 20. Rxd4 Bd5 21. Bc4 Ra8 22. Qc7 Rac8 23. Qd6 Qxd6 24. Nxd6 Nxe5 25. Nxc8 Nxf3+ 26. gxf3 Bxd4 27. Bxd5 Rxc8 28. Bb3 Bxb2 29. Re4 Rc1+ 30. Kg2 Bc3 31. Rc4 Kg7 32. Rc7 Re1 33. a3 Re5 34. axb4 Bxb4 35. f4 Re1 36. Rc4 Be7 37. Ba4 Re2 38. Kf3 Rb2 39. Bc2 Ra2 40. Rc6 Bh4 41. Rc4 h5 42. Rc7 Rb2 43. Rc4 Ra2 44. Rc7 Ra1 45. Kg2 Re1 46. Bd3 Rd1 47. Be4 Rd4 48. Kf3 Bxf2 49. Kxf2 Rxe4 50. Kf3 Ra4 51. h3 Ra3+ 52. Kg2 h4 0-1

[Event "Pardubice Czech op-A 34th"]
[Site "Pardubice"]
[Date "2023.07.23"]
[Round "3"]
[White "Sultan, Ibrahim"]
[Black "Itgelt, Khuyagtsogt"]
[Result "1/2-1/2"]
[WhiteElo "2042"]
[BlackElo "2321"]
[PlyCount "102"]
[EventDate "2023.07.21"]
[EventType "swiss"]
[EventRounds "9"]
[EventCountry "CZE"]
[SourceTitle "CBM 215 Extra"]
[Source "ChessBase"]
[SourceDate "2023.09.30"]
[SourceVersion "1"]
[SourceVersionDate "2023.09.30"]
[SourceQuality "1"]

1. d4 Nf6 2. c4 g6 3. Nc3 d5 4. cxd5 Nxd5 5. e4 Nxc3 6. bxc3 Bg7 7. Nf3 c5 8. Be3 Qa5 9. Qd2 Nc6 10. Rb1 cxd4 11. cxd4 Qxd2+ 12. Kxd2 0-0 13. Bd3 Rd8 14. d5 Ne5 15. Nxe5 Bxe5 16. Ke2 b6 17. Rhc1 e6 18. f4 Bg7 19. Bc4 exd5 20. Bxd5 Ba6+ 21. Bc4 Bc8 22. Kf3 h5 23. h3 Bd7 24. Bd5 Rac8 25. g4 hxg4+ 26. hxg4 Rxc1 27. Rxc1 Rc8 28. Rxc8+ Bxc8 29. f5 Kf8 30. Kf4 Bc3 31. e5 gxf5 32. gxf5 Bd7 33. Ke4 Ba4 34. Bh6+ Ke8 35. Bg7 Bb2 36. Kf4 Bc1+ 37. Kg4 Bd7 38. e6 fxe6 39. fxe6 Ba4 40. Bf6 Ba3 41. Kg5 Be7 42. Kg6 Kf8 43. Bg7+ Ke8 44. Kh7 Kd8 45. Kg8 Be8 46. Bf8 a5 47. Bg7 b5 48. Be5 b4 49. Kg7 a4 50. Bf6 Bb5 51. Kf7 Be8+ 1/2-1/2

[Event "Sharjah Rapid"]
[Site "Sharjah"]
[Date "2023.03.26"]
[Round "3"]
[White "Sultan, Ibrahim"]
[Black "Iordachescu, Viorel"]
[Result "1-0"]
[WhiteElo "2056"]
[BlackElo "2584"]
[PlyCount "99"]
[EventDate "2023.03.26"]
[EventType "swiss (rapid)"]
[EventRounds "9"]
[EventCountry "UAE"]
[SourceTitle "CBM 213 Extra"]
[Source "ChessBase"]
[SourceDate "2023.05.31"]
[SourceVersion "1"]
[SourceVersionDate "2023.05.31"]
[SourceQuality "1"]

1. d4 Nf6 2. c4 e6 3. Nf3 Bb4+ 4. Nbd2 b6 5. a3 Bxd2+ 6. Qxd2 0-0 7. e3 d5 8. cxd5 Qxd5 9. b4 a5 10. b5 Bb7 11. Be2 c6 12. Rb1 Nbd7 13. 0-0 Ne4 14. Qd3 c5 15. Bb2 Rfd8 16. Rbd1 Rac8 17. dxc5 Qxd3 18. Rxd3 Nexc5 19. Rdd1 Na4 20. Ne5 Nxb2 21. Rxd7 Rxd7 22. Nxd7 Rc2 23. Bd1 Rd2 24. Nxb6 Rxd1 25. Rxd1 Nxd1 26. Nc4 a4 27. Nd6 Ba8 28. b6 Kf8 29. Kf1 Ke7 30. b7 Bxb7 31. Nxb7 Nc3 32. Ke1 Kd7 33. Kd2 Ne4+ 34. Kc2 Kc7 35. Na5 Nxf2 36. h3 Kb6 37. Nc4+ Kc5 38. Ne5 f6 39. Nd7+ Kc4 40. Nf8 e5 41. Nxh7 Nd3 42. g4 Nf2 43. g5 f5 44. h4 Ng4 45. h5 Nxe3+ 46. Kd2 Ng4 47. Nf8 Kd5 48. Ng6 Ke6 49. Nf8+ Kd6 50. Kd3 1-0

[Event "UAE National Day 51st"]
[Site "Sharjah"]
[Date "2022.12.04"]
[Round "9"]
[White "Farahat, Ali"]
[Black "Sultan, Ibrahim"]
[Result "1-0"]
[WhiteElo "2363"]
[BlackElo "2099"]
[PlyCount "44"]
[EventDate "2022.12.03"]
[EventType "swiss (rapid)"]
[EventRounds "10"]
[EventCountry "UAE"]
[SourceTitle "CBM 211 Extra"]
[Source "ChessBase"]
[SourceDate "2023.01.31"]
[SourceVersion "1"]
[SourceVersionDate "2023.01.31"]
[SourceQuality "1"]

1. e4 e6 2. d4 d5 3. Nd2 c5 4. Ngf3 cxd4 5. Nxd4 Nf6 6. e5 Nfd7 7. N2f3 Nc6 8. Bf4 Be7 9. c3 g5 10. Bg3 g4 11. Nxc6 bxc6 12. Nd4 Qb6 13. Be2 c5 14. Nb5 a6 15. Nd6+ Bxd6 16. exd6 Qxb2 17. 0-0 Qxc3 18. Bxg4 Bb7 19. Re1 Rf8 20. Rb1 0-0-0 21. Qa4 Qc4 22. Qa5 Nb6 1-0